LEADER 01648nam a2200301 4500 001 000000335456 003 CaOOAMICUS 005 20190725100731.0 008 190725s2018 vc a 000 u ita r 020 $a978-88-266-0196-0 040 $aSeMil$bita 100 1 $aGeorgeon, Thomas,$c.$0(OLS)http://semarc/name/109988 240 10$aTout simplement chrétiens.$0(OLS)http://semarc/title/424895 245 10$aSemplicemente cristiani :$bla vita e il messaggio dei beati martiri di Tibhirine /$cThomas Georgeon, François Vayne ; prefazione del card. Giovanni Angelo Becciu. 264 1$aCittà del Vaticano :$bLibreria Editrice Vaticana,$c2018. 300 $a178 p., [4] carte di tav. :$bfot. (color.) ;$c19 cm 490 1 $aIspirazioni [Libreria ed. vaticana] 650 4$aMartiri cristiani.$0(OLS)http://semarc/subject/1590 650 4$aMartiri cristiani - Algeria - Tibhirine.$0(OLS)http://semarc/subject/48644 700 1 $aVayne, François,$d<1962- >.$0(OLS)http://semarc/name/109989 700 1 $aBecciu, Giovanni Angelo,$c,$eautore di introduzione.$0(OLS)http://semarc/name/109990 830 0$aIspirazioni.$0(OLS)http://semarc/title/424893 850 $aSeMil 852 $aSeMil$W1$xVenegono$y1$m3H I 544$j216176$B228497$CSeMilBibl$Z2$F228497 $81 996 $6020$a978-88-266-0196-0$9(OLS)http://semarc/number/288175 996 $6245$aSemplicemente cristiani :$bla vita e il messaggio dei beati martiri di Tibhirine$9(OLS)http://semarc/title/424894 996 $6264$aCittà del Vaticano :$bLibreria Editrice Vaticana$9(OLS)http://semarc/publisher/29734 LEADER 00703nam a2200181 i 4500 001 000000016598 003 CaOOAMICUS 005 20180830125443.0 008 180830s1957 it u000 u ita u 040 $aSeMil$bita 100 1 $aTea, Eva,$d<1866-1971>.$0(OLS)http://semarc/name/7547 245 10$aMedioevo /$cEva Tea. 300 $a2 v. (1434 p. :$bill.). 650 4$aArte - Storia - Medioevo.$0(OLS)http://semarc/subject/1293 773 0 $tStoria universale dell'arte.$dTorino : Unione Tipografico-Editrice Torinese, 1945[?]$w()16567 774 0 $tTomo 1.$kStoria universale dell'arte$w()154388 774 0 $tTomo 2.$kStoria universale dell'arte$w()154394 996 $6245$aMedioevo$9(OLS)http://semarc/title/21958